Biggest Retailers 2020 - Statistics

General Stats
  • This quiz has been taken 62 times
  • The average score is 4 of 10
Answer Stats
Ranking Retailer Home Country Revenue (Billions) % Correct
1 Walmart USA 510.33
98%
2 Amazon USA 232.88
63%
8 Aldi Germany 91.90
56%
5 Costco USA 149.35
50%
9 IKEA Netherlands (Believe it or not) 48.73
37%
7 Carrefour France 89.81
30%
4 Alibaba China 56.15
20%
3 Schwarz Germany 123.25
15%
6 Ahold Delhaize Netherlands 74.29
13%
10 Auchan France 60.22
11%
No matching quizzes found
Score Distribution
Percent of People with Each Score
Percentile by Number Answered
Your Score History
You have not taken this quiz